000
00282nam a2200109Ia 4500
008
220204s9999 xx 000 0 und d
082
_a
339.1
_b
STE
245
0
_a
Fundamental issues in trade theory
260
_a
Great Britain
_b
Macmillan
_c
1979
700
_a
STEEDMAN, Ian
942
_c
BK
999
_c
32551
_d
32551